000 00568nam a2200217Ia 4500
003 OSt
005 20230329110046.0
008 210423s2016 xx 000 0 und d
020 _a978-0-19-939045-8
040 _cAL
041 _aeng
082 _a574.3
_223
_bKAUH
100 _aKAUFFMAN (Stuart A)
_979499
245 _aHumanity in a creative universe
260 _aNew York
_bOxford University Press
_c2016
300 _axvii,294
_bHB
365 _b2331.17
_cUSD
650 _aBiology
_979500
906 _acreative ; Humanity ; universe
942 _2ddc
_cBK
999 _c168849
_d168849